CHILDREN AT THE CENTRE (Record no. 997)

MARC details
000 -LEADER
fixed length control field 00425nam a22001097a 4500
008 - FIXED-LENGTH DATA ELEMENTS--GENERAL INFORMATION
fixed length control field 150826b xxu||||| |||| 00| 0 eng d
020 ## - INTERNATIONAL STANDARD BOOK NUMBER
International Standard Book Number 0774732350
082 ## -
Classification number 372.210 971 BLA
100 ## - MAIN ENTRY--PERSONAL NAME
Personal name BLAXALL JANETH
Titles and other words associated with a name KILBRIDE KENISE MURPHY , MCKENNA DONNA, WARBERG CAROLYN, YEATES MARILYNN
245 ## - TITLE STATEMENT
Title CHILDREN AT THE CENTRE
Remainder of title PRINCIPLES OF EARLY CHILDHOOD EDUCATION IN CANADA
260 ## - PUBLICATION, DISTRIBUTION, ETC. (IMPRINT)
Place of publication, distribution, etc. NEW YORK
Name of publisher, distributor, etc. HARCOURT BRACE & COMPANY ,CANADA
Date of publication, distribution, etc. 1996
Holdings
Withdrawn status Lost status Source of classification or shelving scheme Damaged status Koha normalized classification for sorting Not for loan Home library Current library Shelving location Date acquired Total Checkouts Full call number Barcode Date last seen Price effective from Koha item type
    Dewey Decimal Classification   372_210000000000000_971_BLA   Dodoma Dodoma Ground Floor 26/08/2015   372.210 971 BLA 000000004878 29/07/2019 26/08/2015 BOOKS

IRDP © 2021 :: Managed by ICT Team